Pokemon - Alternate Forms - Statistics

General Stats
  • This quiz has been taken 386 times
    377 since last reset
  • The average score is 18 of 42
Answer Stats
Hint to the form Alternate Form % Correct
Changes to a water type in rain Rainy Form Castform
74%
Changes to a fire type in sunlight Sunny Form Castform
74%
Changes to a ice type in hail Snowy Form Castform
62%
Appears in this form in Emerald. Did not appear in the original form's movie Deoxys Speed Form
52%
Pink cherry blossoms bloom on its antlers Sawsbuck - Spring
50%
Appears in this form in LeafGreen Deoxys Defense Form
49%
It is small and blue, with two small fins on its back East Sea Shellos
49%
It's tail and mane stick straight up and bushes grow on its head Sawsbuck - Summer
49%
It adopts a majestic fur style that makes it look like it's wearing a scarf Sawsbuck - Winter
49%
When lent the power of Zekrom, it becomes a fearsome physical attacker Black Kyurem
48%
Appears in this form in FireRed Deoxys Attack Form
48%
Its purple 'hands' are shaped like lighting bolts Rotom-Frost
48%
Leaves start falling off its (now brown-orange) head Sawsbuck - Autumn
48%
It is small and pink, with round bulbs on its head West Sea Shellos
48%
When lent the power of Reshiram, it becomes a fearsome special attacker White Kyurem
48%
A tube sticks out of its back Rotom-Wash
47%
Its form depends on its personality value (1 of 28). Unown
46%
Seems to be wearing oven mitts Rotom-Heat
45%
Appears in this form East of Mt. Coronet East Sea Gastrodon
44%
Appears in this form West of Mt. Coronet West Sea Gastrodon
44%
It will revert to its basic form if frozen, or at nighttime Shaymin Sky Form
43%
Gains a steel typing after evolving in a certain form Trash Cloak Wormadam
43%
Gains a ground typing after evolving in a certain form Sandy Cloak Wormadam
42%
When found in the Battle Subway, it will be in this form Deerling - Spring
41%
It can be found in this form when there are additional NPC's in Undella Town Deerling - Summer
41%
When snow covers Unova, it is in this form Deerling - Winter
41%
Can only stay in this form holding a specific item Giratina Origin Form
41%
It takes this form in March, July and November Deerling - Autumn
40%
It adopts a secondary typing, inverts its offenses, and is slower but bulkier Zen Mode Darmanitan
39%
Its Attack and Special Defense increase in sunlight Sunshine Form Cherrim
36%
Its fins are smooth, and its eyes slanted Blue-Striped Basculin
35%
Its fins are spiky, and its eyes wide Red-Striped Basculin
35%
Changes form after battling in a building or town Trash Cloak Burmy
34%
Changes form after battling in a beach or cave Sandy Cloak Burmy
33%
Cannot be traded out of HG/SS Spiky-Eared Pichu
32%
If captured through the Dream Radar, its ability will be Sheer Force Therian Landorus
28%
If traded from Black and White, its ability will be Volt Absorb Therian Thundurus
27%
Even though it levitates, it has wheels Rotom-Cut
26%
Upon changing form, it becomes defensive rather than offensive Therian Tornadus
26%
Changes form when using its signature move Pirouette Form Meloetta
25%
Its ability is completely useless due to its typing Rotom-Spin
23%
It changes form when brought to a special area in BW2, and certain conditions are met Resolution Keldeo
9%
No matching quizzes found
Score Distribution
Percent of People with Each Score
Percentile by Number Answered
Your Score History
You have not taken this quiz since the last reset